| 000 | 01586nam0a22002891 4500 | ||
|---|---|---|---|
| 001 | rc\930871 | ||
| 005 | 20250622045401.0 | ||
| 035 | _a(NLR Aleph) 006104075 | ||
| 090 |
_a5289512 _c5289512 |
||
| 100 | _a20041129d1982 |||y0rusy50 ca | ||
| 101 | 0 | _arus | |
| 102 | _aRU | ||
| 105 | _aa ||||||||| | ||
| 200 | 1 |
_aСовременные проблемы комплексной микроминиатюризации, функциональной микроэлектроники и автоматизации проектирования _f[Отв. ред. засл. деят. науки и техники РСФСР, лауреат Ленин. и Гос. премий, д. т. н. проф. В.И. Смирнов, д. т. н. проф. О.В. Алексеев] |
|
| 210 |
_aЛ. _cЛЭТИ _d1982 |
||
| 215 |
_a89 с. _cил. _d20 |
||
| 225 | 1 |
_aИзвестия Ленинградского электротехнического института им. В.И. Ульянова (Ленина) _eСб. науч. тр. _vВып. 304 |
|
| 300 | _aВ надзаг. также: М-во высш. и сред. спец. образования РСФСР | ||
| 320 | _aБиблиогр. в конце статей | ||
| 320 | _aНа обл. только загл. сер. | ||
| 702 | 1 |
_4340 _7ca _8rus _aСмирнов _bВ. И. _cд-р техн. наук, электроника _f1912-1982 _gВениамин Иванович _9241040 _3RU\NLR\AUTH\770241096 |
|
| 801 | 0 |
_aRU _bNLR _gpsbo |
|
| 801 | 1 |
_aRU _bELAR _2rusmarc |
|
| 852 |
_aNLR _jП11/249 |
||
| 942 | _cBOOK | ||
| 980 | _aNB | ||